| 000 | 00538nam a22001817a 4500 | ||
|---|---|---|---|
| 999 |
_c18239 _d18239 |
||
| 008 | 200226b xxu||||| |||| 00| 0 eng d | ||
| 020 | _a8131608241 | ||
| 040 |
_aKABU _cKABU |
||
| 050 |
_aHB871 _b.W45 2015 c. 1 |
||
| 100 | _aWeinstein, Jay | ||
| 245 |
_aDemography _bthe science of population _cJay Weinstein, Vijayan K. Pillai |
||
| 260 |
_aJaipur, New Delhi _bRawat Publications _c2015 |
||
| 300 | _axxviii, 420 p. | ||
| 650 | _aDemography | ||
| 650 | _aPopulation | ||
| 700 | _aPillai, Vijayan K. | ||
| 942 |
_2lcc _cBK _hHB871 |
||